Engels: del socialismo utópico al socialismo científico
En el texto, Engels señala los méritos y defectos de las teorías socialistas agrupadas en el socialismo utópico, a su vez que afirma la teoría del materialismo histórico en la que para el autor, Marx consolida como socialismo científico. Asimismo, agrega que en la sociedad capitalista, las fuerzas...
Salvato in:
| Natura: | Sconosciuto |
|---|---|
| Lingua: | Spanish |
| Pubblicazione: |
Moscú, Unión Sovietica :
Editorial Progreso
|
| Soggetti: | |
| Tags: |
Aggiungi Tag
Nessun Tag, puoi essere il primo ad aggiungerne!!
|
MARC
| LEADER | 00000 a2200000 04500 | ||
|---|---|---|---|
| 001 | 45248 | ||
| 003 | cru CIDCACS/IIS | ||
| 005 | 20221027062550.0 | ||
| 007 | ta | ||
| 008 | 050601s1979 -ur spa d | ||
| 999 | |c 1215 |d 1215 | ||
| 020 | |a [sin ISBN] | ||
| 022 | |a [sin ISBN] | ||
| 040 | |c cru CIDCACS/IIS | ||
| 090 | |a 0001 E57e | ||
| 245 | |a Engels: |b del socialismo utópico al socialismo científico | ||
| 260 | |a Moscú, Unión Sovietica : |b Editorial Progreso | ||
| 300 | |a 87 páginas | ||
| 520 | |a En el texto, Engels señala los méritos y defectos de las teorías socialistas agrupadas en el socialismo utópico, a su vez que afirma la teoría del materialismo histórico en la que para el autor, Marx consolida como socialismo científico. Asimismo, agrega que en la sociedad capitalista, las fuerzas productivas han rebasado las relaciones burguesas de producción y se hallan en conflicto con éstas, en las que el proletariado, so pena de perecer, debe realizar necesariamente la revolución socialista. Por lo que, se postula el socialismo científico como la expresión teórica del movimiento proletario, como forma de investigación de las condiciones históricas que estructuran las formas de producción capitalista, y con ello, generar conciencia acerca de las condiciones y naturaleza de la revolución proletaria. | ||
| 650 | 0 | |9 84 |a FILOSOFIA | |
| 650 | 0 | |a TEORIA POLITICA |9 4970 | |
| 650 | 0 | |9 236 |a MARXISMO | |
| 650 | 0 | |9 2097 |a SOCIALISMO | |
| 650 | 4 | |9 1836 |a MODOS DE PRODUCCION | |
| 650 | 0 | |9 137 |a REVOLUCION | |
| 650 | 0 | |9 7574 |a PROLETARIADO | |
| 650 | 0 | |9 7575 |a MATERIALISMO HISTORICO | |
| 942 | |2 ddc |c LI | ||
